000
00272nam a22001217a 4500
003
SGT
082
_a
616.024
_b
G99R
100
_a
RIDLEY,MATT
245
_a
GENOME THE AUTOBIOGRAPHY OF A SPECIES
260
_a
LONDON
_b
FOURTH ESTATE
_c
1999
300
_a
344
942
_2
ddc
_c
BK
999
_c
14191
_d
14191